Gebrauch und Mißbrauch der Psychiatrie: (strafrechtliche, zivile, militärische Gutachten, Sprechstunde im Gefängnis. Art. 42-44 StGB)

Saved in:  
Bibliographic Details
Main Author: Rümmele, Wolfgang (Author)
Format: Print Article
Language:German
Published: 1978
In: Schweizer Archiv für Neurologie, Neurochirurgie und Psychiatrie
Year: 1978, Volume: 122, Issue: 1, Pages: 91-97
Check availability: HBZ Gateway
Keywords:

MARC

LEADER 00000caa a22000002c 4500
001 1634547179
003 DE-627
005 20220608101006.0
007 tu
008 120907s1978 xx ||||| 00| ||ger c
035 |a (DE-627)1634547179 
035 |a (DE-576)37077759X 
035 |a (DE-599)BSZ37077759X 
040 |a DE-627  |b ger  |c DE-627  |e rakwb 
041 |a ger 
100 1 |a Rümmele, Wolfgang  |4 aut 
245 1 0 |a Gebrauch und Mißbrauch der Psychiatrie  |b (strafrechtliche, zivile, militärische Gutachten, Sprechstunde im Gefängnis. Art. 42-44 StGB)  |c W. Rümmele 
264 1 |c 1978 
336 |a Text  |b txt  |2 rdacontent 
337 |a ohne Hilfsmittel zu benutzen  |b n  |2 rdamedia 
338 |a Band  |b nc  |2 rdacarrier 
773 0 8 |i In  |t Schweizer Archiv für Neurologie, Neurochirurgie und Psychiatrie  |d Zürich : Orell Füssli, 1959  |g 122(1978), 1, Seite 91-97  |w (DE-627)129061786  |w (DE-600)501-0  |w (DE-576)014392569  |x 0036-7273  |7 nnas 
773 1 8 |g volume:122  |g year:1978  |g number:1  |g pages:91-97 
951 |a AR 
ELC |b 1 
LOK |0 000 xxxxxcx a22 zn 4500 
LOK |0 001 3289755312 
LOK |0 003 DE-627 
LOK |0 004 1634547179 
LOK |0 005 20260220112445 
LOK |0 008 120907||||||||||||||||ger||||||| 
LOK |0 040   |a DE-21-110  |c DE-627  |d DE-21-110 
LOK |0 689   |a g  |a Schweiz 
LOK |0 689   |a s  |a Anwendungsbereiche 
LOK |0 689   |a s  |a Psychiatrisches Gutachten 
LOK |0 852   |z Kein Bestand am IfK; Nachweis für KrimDok 
LOK |0 852   |a DE-21-110 
LOK |0 852 1  |m v  |9 00 
LOK |0 935   |a k110 
LOK |0 938   |k v 
LOK |0 939   |a 07-09-12  |b l01 
ORI |a WA-MARC-krimdoka001.raw